Coordinate business resources / (Record no. 81853)

MARC details
000 -LEADER
fixed length control field 00516nam a22001817a 4500
005 - DATE AND TIME OF LATEST TRANSACTION
control field 20140211115233.0
010 ## - LCCN (DPL NO)
LC control number ENG-109090
020 ## - INTERNATIONAL STANDARD BOOK NUMBER
International Standard Book Number 9789350620656
Terms of availability 100.00
035 ## - SYSTEM CONTROL NUMBER
System control number EN-92623
037 ## - SOURCE OF ACQUISITION
Source of stock number/acquisition DBAD/PUB
082 ## - DEWEY DECIMAL CLASSIFICATION NUMBER
Classification number 658.0076
100 ## - MAIN ENTRY--PERSONAL NAME
Personal name Graham, Lyn
245 ## - TITLE STATEMENT
Title Coordinate business resources /
Statement of responsibility, etc by Lyn Graham
260 ## - PUBLICATION, DISTRIBUTION, ETC. (IMPRINT)
Place of publication, distribution, etc New Delhi
Name of publisher, distributor, etc Excel Books
Date of publication, distribution, etc 2012
270 ## - ADDRESS
Address A- 45, Naraina, Phase 1
City New Delhi
Postal code 110028
300 ## - PHYSICAL DESCRIPTION
Extent xiv, 62p.
Dimensions 24cm(pbk)
942 ## - ADDED ENTRY ELEMENTS (KOHA)
Source of classification or shelving scheme Dewey Decimal Classification
Item type English Books
Call number suffix GRA
Classification part 658.0076
Holdings
Withdrawn status Lost status Not for loan Collection code Home library Current library Date acquired Source of acquisition Cost, normal purchase price Full call number Barcode Copy number Cost, replacement price Koha item type
    Not For Loan Non-fiction D.B.Act.Division D.B.Act.Division 13/01/2014 DBAD/PUB 100.00 658.0076 GRA EN-92623 1 100.00 English Books

© Delhi Public Library
Hit Counter
free hit counter